| 000 | 00644nam a22001937a 4500 | ||
|---|---|---|---|
| 008 | 160527b xxu||||| |||| 00| 0 eng d | ||
| 020 | _a9715740391 | ||
| 082 |
_22001 _aDFil 650.01 _bN67 |
||
| 100 |
_99372 _aNocon, Ferdinand P. |
||
| 245 |
_aEssentials of business mathematics/ _cFerdinand P. Nocon |
||
| 260 |
_aQuezon City: _bKatha Publishing Co.,Inc., _cc2001. |
||
| 300 |
_a235 pages: _billustrations; _c25.5 cm. |
||
| 500 | _aIncludes bibliography | ||
| 650 | 0 |
_99376 _aBusiness _xMathematics |
|
| 700 |
_99378 _aTorrecampo, Joel T. _eAuthor |
||
| 700 |
_99379 _aTorrecampo, Loreta B. _eAuthor |
||
| 365 |
_b140.00 _cPhp. |
||
| 942 |
_2ddc _cDFIL |
||
| 999 |
_c2825 _d2825 |
||